Labyrinthe - niveau facile #2 - Statistiques

Statistiques générales
  • Ce quiz a été pris 686 fois
    599 depuis la dernière actualisation
  • Le résultat moyen est 51 sur 60
Réponses sur la Carte
Les réponses sont colorées sur une échelle allant du rouge au vert en fonction du pourcentage des utilisateurs qui les ont devinées à leur premier essai. Vous pouvez retrouver ces pourcentages ci-dessous.
 
Statistiques - réponses
Réponse % Correct
a |q
96%
s
96%
d
95%
s
95%
s
95%
s
94%
d
93%
a|q
92%
a|q
92%
s
92%
s
92%
s
92%
s
92%
a|q
91%
d
91%
d
91%
s
91%
w|z
90%
d
89%
d
89%
w|z
89%
w|z
89%
d
88%
s
88%
s
88%
s
88%
d
87%
w|z
85%
d
84%
w|z
84%
w|z
84%
w|z
84%
d
83%
s
83%
s
83%
s
83%
s
83%
s
83%
d
82%
s
82%
s
82%
a|q
81%
d
80%
s
80%
s
80%
s
80%
a|q
79%
a|q
79%
a|q
78%
a|q
78%
s
78%
w|z
78%
w|z
78%
a|q
77%
w|z
77%
a|q
76%
a|q
76%
s
76%
s
76%
s
76%
Aucun quiz correspondant
Distribution des résultats
% des personnes avec chaque résultat
Percentile par nombre de réponses
Votre historique - résultats
Vous n’avez pas pris ce quiz depuis la dernière actualisation